000 00688cam a22002413a 4500
001 18550
003 PGUSA
005 20140828083408.0
008 060611s2006||||xxu|||||s|||||000 | eng d
040 _aPGUSA
_beng
042 _adc
050 4 _aPR
100 1 _aSwinburne, Algernon Charles,
_d1837-1909
245 1 0 _aErechtheus :
_bA Tragedy (New Edition)
_h[electronic resource] /
_cAlgernon Charles Swinburne
260 _bProject Gutenberg,
_c2006
506 _aPublic domain in the USA.
516 _aElectronic text
653 _aTragedies
653 _aEnglish drama
830 0 _aProject Gutenberg
_v18550
856 4 0 _uhttp://www.gutenberg.org/ebooks/18550
942 _cEB
999 _c247805
_d247805